| 000 | 00566nam a22001577a 4500 | ||
|---|---|---|---|
| 003 | NUST | ||
| 082 | _a200 | ||
| 100 |
_aMehdi, Hafiz Muhammad _996693 |
||
| 245 |
_aAi Based Nonlinear Control of DC Microgrid Including Renewable Energy Sources and Hybrid Energy Storage System / _cHafiz Muhammad Mehdi |
||
| 264 |
_aIslamabad : _bSEECS, NUST, _c2021. |
||
| 300 | _a46 p. ; | ||
| 650 |
_aMS-Electrical Engineering _923567 |
||
| 700 |
_aSupervisor: Dr. Iftikhar Ahmad Rana _996695 |
||
| 856 | _uhttp://10.250.8.41:8080/xmlui/handle/123456789/28285 | ||
| 942 |
_2ddc _cSC |
||
| 999 |
_c590834 _d590834 |
||